MARC

LEADER 00000cam a2200000 7i4500
001 0000125533
005 20180124.0
008 182418s201797e sml eng
040 |a PERPUSTAM   |b eng   |c PERPUSTAM   |e rda 
090 0 0 |a 791.4372   |b RES 
245 1 0 |a RESIDENT EVIL :   |b VENDETTA   |c Stage 6 Films, Kadokawa Films, Marza Animation Planet present ; a Marza Animation Planet production ; screenplay by Makoto Fukami ; directed by Takanori Tsujimoto ; produced by Hiroyasu Shinohara 
264 1 |a Culver City, CA :   |b Sony Pictures Home Entertainment   |c [2017] 
300 |a 1 Blu-ray video disc (approximately 97 min.) :   |b sound color ;   |c 4 3/4 in. 
336 |a two-dimensional moving image  |2 rdacontent 
337 |a Video  |2 rdamedia 
338 |a Video disc  |2 rdacarrier 
650 0 |a Animated films 
650 0 |a Biological warfare   |x Drama 
650 0 |a Feature films 
650 0 |a Revenge   |x Drama 
650 0 |a Viruses   |z New York (State)   |z New York   |x Drama 
700 1 |a Ayoade, Richard ,   |d 1977- 
700 1 |a DeWitt, Rosemarie 
700 1 |a Forte, Will 
700 1 |a Fukami, Makoto, screenwriter 
700 1 |a Mercer, Matt, 1980-, voice actor 
700 1 |a Shinohara, Hiroyasu, film producer 
700 1 |a Tsujimoto, Takanori, film director 
700 1 |a Valenzuela, Cristina, voice actor 
700 1 |a Wahlgren, Kari, 1977-, voice actor 
999 |a 0000468252   |b Digital Video Disc (DVD)   |c Koleksi Media   |e Perbadanan Perpustakaan Awam Melaka 
999 |a 0000468253   |b Digital Video Disc (DVD)   |c Koleksi Media   |e Perpustakaan Cawangan Jasin 
999 |a 0000468254   |b Digital Video Disc (DVD)   |c Koleksi Media   |e Perpustakaan Cawangan Masjid Tanah 
999 |a 0000468255   |b Digital Video Disc (DVD)   |c Koleksi Media   |e Perpustakaan Cawangan Merlimau 
999 |a 0000468256   |b Digital Video Disc (DVD)   |c Koleksi Media   |e Perbadanan Perpustakaan Awam Melaka